[Event "G7-1 2014"]
[Site "Skorping"]
[Date "2014.04.16"]
[Round "2"]
[White "Schoning, Lars"]
[Black "Johansen, Johnny Holler"]
[Result "1-0"]
[WhiteElo "1956"]
[BlackElo "1909"]
[PlyCount "109"]
[EventDate "2014.??.??"]

1. d4 d5 2. c4 c6 3. Nc3 Nf6 4. Bg5 e6 5. e3 Nbd7 6. Nf3 Qa5 7. Nd2 Bb4 8. Qc2
Ne4 9. Ndxe4 dxe4 10. Bf4 f5 11. Be2 e5 12. dxe5 Nxe5 13. O-O Be6 14. a3 Bxc3
15. b4 Qd8 16. Qxc3 Nf7 17. Qxg7 Qe7 18. Rfd1 Qf8 19. Qf6 Qe7 20. Qg7 Qf8 21.
Qf6 Qe7 22. Qxe7+ Kxe7 23. Rd4 a5 24. Rad1 axb4 25. axb4 Ra2 26. Bf1 Rb2 27. c5
Ra8 28. Bg3 Ra4 29. Bh4+ Kf8 30. b5 cxb5 31. Bf6 Rb3 32. R4d2 Ra8 33. Be2 Bc4
34. Bh5 Bd3 35. h4 Rc8 36. Rc1 Ra3 37. g4 fxg4 38. Bxg4 Rc6 39. Bd4 Rg6 40. Kh2
Raa6 41. Bc8 Nd8 42. Bf5 Rh6 43. f3 Ne6 44. fxe4 Bxe4 45. Rf1 Bxf5 46. Rxf5+
Ke7 47. h5 Nxd4 48. exd4 Rhf6 49. Rg5 Rae6 50. d5 Re1 51. d6+ Kd8 52. Rg8+ Re8
53. Rg7 Rf5 54. Ra2 Rxh5+ 55. Kg2 1-0

[Event "G7-1 2014"]
[Site "Skorping"]
[Date "2014.04.16"]
[Round "2"]
[White "Willumsen, Niels Henrik"]
[Black "Sorensen, Torben Kyhl"]
[Result "0-1"]
[WhiteElo "2015"]
[BlackElo "2126"]
[PlyCount "66"]
[EventDate "2014.??.??"]

1. e4 c5 2. Nf3 Nc6 3. Bb5 e6 4. O-O Nge7 5. a4 a6 6. Bxc6 Nxc6 7. b3 Be7 8.
Bb2 O-O 9. Na3 d5 10. Qe2 b6 11. Rfe1 Bb7 12. exd5 exd5 13. d4 Bf6 14. Rad1
cxd4 15. Nxd4 Nxd4 16. Bxd4 Bxd4 17. Rxd4 Qd6 18. Qe7 Qc6 19. Red1 Rae8 20. Qb4
Re2 21. Rg4 Rfe8 22. h3 h5 23. Rg5 Qf6 24. Qh4 R8e4 25. Qxh5 Qxf2+ 26. Kh1 d4
27. Rd3 Rh4 28. Rxg7+ Kxg7 29. Qg5+ Kh7 30. Rf3 Qxg2+ 31. Qxg2 Rxg2 32. Rxf7+
Rg7+ 33. Rxb7 Rxb7 0-1

[Event "G7-1 2014"]
[Site "Skorping"]
[Date "2014.04.17"]
[Round "3"]
[White "Andersen, Rune Egede"]
[Black "Guindy, Esmat"]
[Result "0-1"]
[WhiteElo "2101"]
[BlackElo "1996"]
[PlyCount "60"]
[EventDate "2014.??.??"]

1. e4 e6 2. d4 d5 3. e5 c5 4. c3 Nc6 5. Nf3 Nh6 6. dxc5 Bxc5 7. b4 Bb6 8. Bxh6
gxh6 9. b5 Ne7 10. Qd2 Qc7 11. Qxh6 Ng6 12. Qg7 Qc5 13. Be2 Qxf2+ 14. Kd1 Qxg2
15. Rf1 Rf8 16. Qh6 Bd7 17. a4 O-O-O 18. Nbd2 f6 19. a5 Bc5 20. Nb3 Bf2 21.
exf6 e5 22. b6 Nf4 23. bxa7 Bxa7 24. Re1 Nxe2 25. Nxe5 Nxc3+ 26. Kc1 Bf5 27.
Nd2 Qf2 28. Ra3 Qxe1+ 29. Kb2 Nd1+ 30. Ka2 Qxe5 0-1

[Event "G7-1 2014"]
[Site "Skorping"]
[Date "2014.04.17"]
[Round "3"]
[White "Bjerre, Jonas Buhl"]
[Black "Oe, Oluf"]
[Result "1-0"]
[WhiteElo "1952"]
[BlackElo "1933"]
[PlyCount "41"]
[EventDate "2014.??.??"]

1. e4 e5 2. Bc4 Nc6 3. Nf3 d6 4. d3 Be7 5. c3 Nf6 6. Bb3 O-O 7. Nbd2 Bg4 8. h3
Bh5 9. Nf1 d5 10. Qe2 dxe4 11. dxe4 Bc5 12. Ng3 Bg6 13. Bg5 h6 14. Rd1 Qe7 15.
Nh4 Kh7 16. Nhf5 Qe8 17. Bxf6 gxf6 18. Qd2 Bxf5 19. Nxf5 Kg8 20. Qxh6 Qd7 21.
Qg7# 1-0

[Event "G7-1 2014"]
[Site "Skorping"]
[Date "2014.04.17"]
[Round "3"]
[White "Christensen, Hans Ulrich Falk"]
[Black "Andersen, Carl Johan"]
[Result "1-0"]
[WhiteElo "1959"]
[BlackElo "1872"]
[PlyCount "67"]
[EventDate "2014.??.??"]

1. e4 c6 2. d4 d5 3. Nd2 dxe4 4. Nxe4 Bf5 5. Ng3 Bg6 6. Bc4 e6 7. N1e2 Bd6 8.
O-O Nf6 9. f4 Qc7 10. Kh1 Nbd7 11. f5 Bxf5 12. Nxf5 exf5 13. Rxf5 O-O 14. Bg5
Rae8 15. Bxf6 Nxf6 16. Qd3 b5 17. Bb3 Qe7 18. Ng3 Qe3 19. Rf3 Qxd3 20. Rxd3 Ng4
21. Rf1 Re3 22. Rxe3 Nxe3 23. Rf3 Nd5 24. Bxd5 cxd5 25. Nf5 Re8 26. Re3 Rxe3
27. Nxe3 Bf4 28. Nxd5 Bc1 29. b4 Bb2 30. Nc7 Bc3 31. Nxb5 Bxb4 32. Nxa7 f5 33.
Nc6 Bc3 34. a4 1-0

[Event "G7-1 2014"]
[Site "Skorping"]
[Date "2014.04.17"]
[Round "3"]
[White "Jensen, Leif"]
[Black "Glasscock, David"]
[Result "1-0"]
[WhiteElo "2007"]
[BlackElo "1843"]
[PlyCount "59"]
[EventDate "2014.??.??"]

1. e4 d6 2. f4 Nf6 3. d3 Bg4 4. Be2 Bxe2 5. Qxe2 e6 6. Nf3 d5 7. c3 Be7 8. O-O
O-O 9. Ne5 c5 10. Nd2 b5 11. Ndf3 Qb6 12. Kh1 c4 13. exd5 cxd3 14. Qxd3 Nxd5
15. f5 a6 16. Nd4 Bf6 17. Nef3 e5 18. Ne2 Rd8 19. Qe4 Nc6 20. g4 h6 21. h4 Be7
22. g5 Bf8 23. Ng3 Nf4 24. gxh6 Nd3 25. Kg2 Rac8 26. Be3 Bc5 27. Qg4 g6 28.
fxg6 Bxe3 29. gxf7+ Kf8 30. Qg7+ 1-0

[Event "G7-1 2014"]
[Site "Skorping"]
[Date "2014.04.17"]
[Round "3"]
[White "Kovshoj, Sune"]
[Black "Rossen, Claus"]
[Result "1/2-1/2"]
[WhiteElo "1924"]
[BlackElo "2109"]
[PlyCount "119"]
[EventDate "2014.??.??"]

1. e4 c5 2. Nf3 Nc6 3. d4 cxd4 4. Nxd4 e5 5. Nb5 a6 6. Nd6+ Bxd6 7. Qxd6 Qf6 8.
Qxf6 Nxf6 9. Nc3 d5 10. exd5 Nb4 11. Bd3 Nfxd5 12. Nxd5 Nxd5 13. O-O O-O 14.
Bd2 Bd7 15. Rfe1 Rfe8 16. Rad1 Rac8 17. f3 Bb5 18. Be4 Nf6 19. Bf5 Rcd8 20. Bc3
Rxd1 21. Rxd1 Nh5 22. Be4 Nf4 23. Kf2 Ne2 24. Bxe5 Rxe5 25. Rd8+ Be8 26. Kxe2
Kf8 27. Kd2 Ke7 28. Rb8 b5 29. Ra8 Re6 30. Rc8 g6 31. Rc3 f5 32. Bd5 Rd6 33.
Rd3 h5 34. f4 h4 35. Bf3 Rb6 36. Rd5 Kf6 37. b3 g5 38. fxg5+ Kxg5 39. Rd8 Bf7
40. h3 b4 41. c4 bxc3+ 42. Kxc3 Rb5 43. Kd4 Ra5 44. Rd7 Be6 45. Rd6 Bf7 46. a4
Bxb3 47. Kc3 Bf7 48. Kb4 Re5 49. Rxa6 Bd5 50. Ra5 Bxf3 51. Rxe5 Bxg2 52. Kc3
Kf4 53. Re2 Bxh3 54. Kd2 Bg4 55. a5 h3 56. Rf2+ Kg3 57. Ke3 h2 58. Rxh2 f4+ 59.
Ke4 Kxh2 60. Kxf4 1/2-1/2

[Event "G7-1 2014"]
[Site "Skorping"]
[Date "2014.04.17"]
[Round "3"]
[White "Kristensen, Bjarke Hautop"]
[Black "Madsen, Svend Aage"]
[Result "0-1"]
[WhiteElo "1940"]
[BlackElo "2071"]
[PlyCount "110"]
[EventDate "2014.??.??"]

1. d4 d5 2. c4 c6 3. Nf3 Nf6 4. Nc3 dxc4 5. a4 Bf5 6. Ne5 e6 7. f3 Bb4 8. e4
Nxe4 9. fxe4 Qh4+ 10. Ke2 Bxe4 11. Nxe4 Qxe4+ 12. Kf2 O-O 13. Bxc4 Rd8 14. Be3
Nd7 15. Nxd7 Rxd7 16. Qd3 Qh4+ 17. g3 Qf6+ 18. Kg2 c5 19. Rhf1 Qd8 20. Bb5 Rd6
21. Qb3 cxd4 22. Bf4 Rb6 23. Qxb4 a6 24. Rfd1 e5 25. Bxe5 Qd5+ 26. Kh3 Qxe5 27.
Qxd4 Qxd4 28. Rxd4 axb5 29. axb5 Re8 30. Rd5 Kf8 31. Rd7 Rxb5 32. Rc1 Rxb2 33.
Rcc7 Rf2 34. Rxb7 g6 35. Rd4 Ree2 36. Rf4 Rxh2+ 37. Kg4 f5+ 38. Kg5 Re7 39.
Rxe7 Kxe7 40. Ra4 Rh5+ 41. Kf4 Kf6 42. Ra6+ Kg7 43. Ra7+ Kh6 44. Ra6 Rh1 45.
Ra7 Rf1+ 46. Ke3 g5 47. Ke2 Rb1 48. Ra6+ Kh5 49. Ra4 g4 50. Ra7 h6 51. Rg7 Rb3
52. Kf2 f4 53. gxf4 Rf3+ 54. Kg2 Rxf4 55. Kg3 Rf3+ 0-1

[Event "G7-1 2014"]
[Site "Skorping"]
[Date "2014.04.17"]
[Round "3"]
[White "Molvig, Henrik"]
[Black "Jensen, Tobias Ilsoe"]
[Result "1-0"]
[WhiteElo "2087"]
[BlackElo "1964"]
[PlyCount "67"]
[EventDate "2014.??.??"]

1. d4 Nf6 2. c4 g6 3. Nc3 Bg7 4. e4 d6 5. Nf3 O-O 6. Be2 e5 7. d5 a5 8. Bg5 Na6
9. O-O h6 10. Bh4 Nc5 11. Nd2 Bd7 12. Qc2 Qe8 13. b3 Nh7 14. f3 f5 15. a3 f4
16. b4 axb4 17. axb4 Na6 18. Qb3 g5 19. Bf2 Nf6 20. c5 g4 21. c6 g3 22. cxb7
gxf2+ 23. Rxf2 Ra7 24. Bxa6 Rf7 25. b5 Qb8 26. Nc4 Rxb7 27. Bxb7 Qxb7 28. Rfa2
Nxd5 29. Ra7 Qxa7+ 30. Rxa7 Nxc3 31. Qxc3 Bxb5 32. Nxd6 cxd6 33. Rxf7 Kxf7 34.
Qb3+ 1-0

[Event "G7-1 2014"]
[Site "Skorping"]
[Date "2014.04.17"]
[Round "3"]
[White "Molvig, Julius"]
[Black "Jensen, Morten Frank"]
[Result "0-1"]
[WhiteElo "1964"]
[BlackElo "1911"]
[PlyCount "116"]
[EventDate "2014.??.??"]

1. d4 g6 2. c4 Bg7 3. Nc3 c5 4. d5 Bxc3+ 5. bxc3 f5 6. Nf3 Qa5 7. Qb3 Nf6 8. g3
d6 9. Bg2 Nbd7 10. Nd2 Nb6 11. O-O Bd7 12. a4 O-O-O 13. h3 h5 14. Nf3 Ne4 15.
Kh2 Qxc3 16. Qxc3 Nxc3 17. Bb2 Nbxa4 18. Bxc3 Nxc3 19. Rxa7 Kb8 20. Ra3 Ne4 21.
Kg1 Kc7 22. Rfa1 Rdg8 23. R1a2 g5 24. h4 Rg7 25. hxg5 Nxg5 26. Nxg5 Rxg5 27.
Ra8 Rxa8 28. Rxa8 Rg4 29. Bf3 Rxc4 30. Bxh5 b5 31. Ra7+ Kc8 32. Ra1 Ra4 33. Rb1
b4 34. Kf1 Ra2 35. Ke1 Ba4 36. Bg6 Bc2 37. Rc1 b3 38. Rxc2 bxc2 39. Bxf5+ Kd8
40. Kd2 c1=Q+ 41. Kxc1 Rxe2 42. f3 Rg2 43. g4 Ke8 44. Kd1 Kf7 45. Ke1 Kf6 46.
f4 c4 47. Kf1 Rd2 48. Be4 Rd4 49. g5+ Kg7 50. Bc2 Rxf4+ 51. Ke2 Rd4 52. Ke3
Rxd5 53. g6 Rg5 54. Kd4 d5 55. Bb1 e6 56. Bc2 Rxg6 57. Ke5 Rg2 58. Bb1 Rb2 0-1

[Event "G7-1 2014"]
[Site "Skorping"]
[Date "2014.04.17"]
[Round "3"]
[White "Olsen, Miriam Frida"]
[Black "Jepsen, Thomas Tange"]
[Result "1/2-1/2"]
[WhiteElo "1880"]
[BlackElo "2050"]
[PlyCount "116"]
[EventDate "2014.??.??"]

1. e4 c6 2. d4 d5 3. e5 Bf5 4. Nd2 e6 5. Nb3 Nd7 6. Nf3 Ne7 7. Be2 Qc7 8. O-O
Bg4 9. Bd2 Nf5 10. h3 Bxf3 11. Bxf3 c5 12. c3 Be7 13. Bg4 g6 14. Bxf5 gxf5 15.
Qh5 c4 16. Nc1 Bf8 17. Ne2 Bg7 18. Nf4 Nf8 19. Qg5 Ng6 20. Nh5 Rg8 21. Nxg7+
Rxg7 22. Qh6 f6 23. exf6 Rf7 24. Rfe1 Qb6 25. Qg5 O-O-O 26. b3 cxb3 27. axb3
Rdf8 28. Qh5 f4 29. c4 dxc4 30. Ba5 Qxd4 31. Rad1 Qxf6 32. Qc5+ Kb8 33. Qd6+
Ka8 34. Rxe6 Qg5 35. Bd8 Qb5 36. Rd5 Qc6 37. Rc5 Qxd6 38. Rxd6 b6 39. Rxc4 Re8
40. Rc2 Re1+ 41. Kh2 Rb1 42. Rd3 Kb7 43. f3 a5 44. h4 Ne5 45. Rdc3 h5 46. Rc7+
Ka6 47. R2c3 Rxc7 48. Bxc7 Ng6 49. Rc6 Nxh4 50. Rxb6+ Ka7 51. Rb5 Rb2 52. Rxa5+
Kb7 53. Bxf4 Nxg2 54. Bc1 Rc2 55. Kh3 Ne1 56. Rxh5 Nxf3 57. Kg3 Rxc1 58. Kxf3
Rc3+ 1/2-1/2

[Event "G7-1 2014"]
[Site "Skorping"]
[Date "2014.04.17"]
[Round "3"]
[White "Pedersen, Karsten Nymann"]
[Black "Olsen, Filip Boe"]
[Result "0-1"]
[WhiteElo "2053"]
[BlackElo "1901"]
[PlyCount "48"]
[EventDate "2014.??.??"]

1. d4 d5 2. Nf3 Nf6 3. c4 c6 4. e3 Bf5 5. Nc3 e6 6. Be2 Nbd7 7. O-O Be7 8. a3
h6 9. b4 O-O 10. Qb3 a6 11. Bb2 Ne4 12. Nxe4 Bxe4 13. Nd2 Bg6 14. Rae1 b5 15.
cxd5 cxd5 16. Rc1 Nb6 17. Bd3 Nc4 18. Bxg6 Nxd2 19. Bh7+ Kh8 20. Qc2 Nxf1 21.
Bd3 Nxh2 22. Kxh2 Rc8 23. Qe2 Rxc1 24. Bxc1 Qc7+ 0-1

[Event "G7-1 2014"]
[Site "Skorping"]
[Date "2014.04.17"]
[Round "3"]
[White "Pedersen, Niels"]
[Black "Schoning, Lars"]
[Result "0-1"]
[WhiteElo "1891"]
[BlackElo "1956"]
[PlyCount "162"]
[EventDate "2014.??.??"]

1. e4 c5 2. Nf3 d6 3. d4 cxd4 4. Nxd4 Nf6 5. Nc3 a6 6. Be2 e6 7. Be3 Nbd7 8.
Qd2 Be7 9. O-O-O b5 10. f3 Bb7 11. g4 Nb6 12. a3 Rc8 13. Kb1 Nfd7 14. Nb3 Ne5
15. Bxb6 Qxb6 16. Qd4 Qxd4 17. Rxd4 Nc6 18. Rdd1 O-O 19. h4 Ne5 20. Na5 Ba8 21.
f4 Nd7 22. Nb3 Nb6 23. g5 Nc4 24. Rh3 Rc7 25. f5 Rfc8 26. fxe6 Nxa3+ 27. bxa3
Rxc3 28. exf7+ Kxf7 29. Rf1+ Ke8 30. Bd3 Bxe4 31. Bxe4 Rxh3 32. Bf5 Rcc3 33.
Bxh3 Rxh3 34. Rf4 h6 35. Rg4 Kf7 36. Kb2 hxg5 37. hxg5 Kg6 38. Nd4 Re3 39. Nc6
Bxg5 40. Nb4 Kf5 41. Rg2 Bf6+ 42. Ka2 Re1 43. Nd3 Ra1+ 44. Kb3 Rb1+ 45. Ka2 Rf1
46. Kb3 a5 47. Rh2 Ke6 48. Re2+ Kd7 49. c3 Rf3 50. Kc2 Rf5 51. Kb3 Kc6 52. Re8
Rf3 53. Kc2 Rf1 54. Ra8 a4 55. Ra6+ Kd7 56. Ra5 Kc6 57. Nb4+ Kb6 58. Ra6+ Kc7
59. Nd5+ Kd7 60. Ra7+ Kc6 61. Nb4+ Kb6 62. Ra6+ Kb7 63. Rxd6 Rf2+ 64. Kd3 Rf3+
65. Ke4 Rxc3 66. Rd5 Rc4+ 67. Kd3 Kb6 68. Rd6+ Kc7 69. Rd5 Rc3+ 70. Ke4 Rxa3
71. Rxb5 Rb3 72. Nd5+ Kc6 73. Ra5 a3 74. Ra6+ Kc5 75. Ra5+ Kc4 76. Ra4+ Kb5 77.
Ra8 Rh3 78. Rb8+ Kc4 79. Rc8+ Kb3 80. Rb8+ Kc2 81. Ra8 Kd1 0-1

[Event "G7-1 2014"]
[Site "Skorping"]
[Date "2014.04.17"]
[Round "3"]
[White "Sorensen, Torben Kyhl"]
[Black "Christensen, Esben"]
[Result "1-0"]
[WhiteElo "2126"]
[BlackElo "2037"]
[PlyCount "83"]
[EventDate "2014.??.??"]

1. e4 c5 2. c3 Nf6 3. e5 Nd5 4. d4 cxd4 5. Nf3 b6 6. cxd4 e6 7. Nc3 Nxc3 8.
bxc3 Qc7 9. Bd2 Bb7 10. Bd3 d6 11. O-O Nd7 12. Re1 Be7 13. Rc1 Rc8 14. Bf4 Bxf3
15. Qxf3 dxe5 16. Rxe5 Bd6 17. Re4 O-O 18. Bg5 Rfe8 19. Rh4 g6 20. Rxh7 Nf8 21.
Rh4 Be7 22. Bf4 Qd7 23. Rh3 Qd5 24. Qxd5 exd5 25. Ba6 Ne6 26. Bxc8 Nxf4 27. Re3
Kf8 28. Bg4 f5 29. Bf3 Rd8 30. g3 Nh3+ 31. Kg2 Ng5 32. Re5 Ne4 33. Bxe4 dxe4
34. Re6 Kf7 35. Rc6 Rd5 36. Rd1 b5 37. a4 bxa4 38. Ra6 a3 39. Rxa7 Rb5 40. d5
Rb2 41. d6 e3 42. Rxe7+ 1-0

[Event "G7-1 2014"]
[Site "Skorping"]
[Date "2014.04.18"]
[Round "4"]
[White "Christensen, Esben"]
[Black "Jensen, Leif"]
[Result "1-0"]
[WhiteElo "2037"]
[BlackElo "2007"]
[PlyCount "217"]
[EventDate "2014.??.??"]

1. e4 e6 2. Nf3 d5 3. Nc3 dxe4 4. Nxe4 Nd7 5. d4 Ngf6 6. Nxf6+ Nxf6 7. c3 c5 8.
Be3 cxd4 9. Bxd4 Be7 10. Bd3 O-O 11. Qc2 h6 12. Rd1 Qc7 13. Be5 Qb6 14. h3 Rd8
15. Bd4 Qc7 16. O-O Bd7 17. Ne5 Bc5 18. Bxc5 Qxc5 19. Nxd7 Rxd7 20. Bh7+ Kf8
21. Rxd7 Nxd7 22. Be4 Rb8 23. Rd1 Nf6 24. Bf3 b6 25. Rd2 Qc7 26. Qa4 Rc8 27.
Rd4 Qe7 28. g3 Rc7 29. Qd1 Rd7 30. Kg2 Qd8 31. Rxd7 Qxd7 32. Qb3 g6 33. c4 Qd6
34. Qc3 Ke7 35. b4 Nd7 36. a3 h5 37. h4 Ne5 38. c5 Qc7 39. Be4 bxc5 40. bxc5
Nd7 41. c6 Nf6 42. Qb4+ Ke8 43. Bf3 Kd8 44. Qd4+ Ke7 45. Qc5+ Ke8 46. a4 a5 47.
Qg5 Ke7 48. Qc5+ Kd8 49. Qg5 Ke7 50. Kg1 Qb6 51. Bg2 Qc7 52. Qc5+ Kd8 53. Bf1
Ne8 54. Qf8 Qe7 55. Qh8 Qc7 56. Bb5 Ke7 57. Qd4 Nd6 58. Qc5 Kd8 59. Kg2 Ke7 60.
f3 Kd8 61. g4 hxg4 62. fxg4 Ke7 63. h5 gxh5 64. Qg5+ f6 65. Qg7+ Nf7 66. gxh5
Qf4 67. Qg3 Qxg3+ 68. Kxg3 Kd6 69. Bc4 Kxc6 70. Bxe6 Nh6 71. Kf4 Kd6 72. Bb3
Kc5 73. Ke4 Kb4 74. Bd1 Kc4 75. Be2+ Kc5 76. Bb5 Kd6 77. Be8 Kc5 78. Bd7 Kd6
79. Bh3 Kc5 80. Kd3 Kb4 81. Bd7 Kc5 82. Kc3 Kd6 83. Bb5 Kd5 84. Ba6 Nf5 85.
Bb7+ Kc5 86. Bc8 Nh6 87. Bh3 Nf7 88. Be6 Nh6 89. Kd3 Kd6 90. Bc8 Kc5 91. Ke4
Kc4 92. Be6+ Kc5 93. Ba2 Kc6 94. Kd4 Nf5+ 95. Kc4 Nd6+ 96. Kd3 Nf5 97. Be6 Nh6
98. Kc4 Kd6 99. Bh3 Nf7 100. Kb5 Ke7 101. Kxa5 Ng5 102. Bf1 Ne4 103. Kb6 Nc3
104. a5 Nd5+ 105. Kc5 Nc7 106. Bc4 f5 107. Kc6 Ne8 108. a6 Nd6 109. a7 1-0

[Event "G7-1 2014"]
[Site "Skorping"]
[Date "2014.04.18"]
[Round "4"]
[White "Glasscock, David"]
[Black "Kristensen, Bjarke Hautop"]
[Result "1/2-1/2"]
[WhiteElo "1843"]
[BlackElo "1940"]
[PlyCount "52"]
[EventDate "2014.??.??"]

1. d4 Nf6 2. Nf3 g6 3. Bf4 Bg7 4. e3 d6 5. Be2 Nh5 6. Bg5 h6 7. Bh4 g5 8. Nfd2
Nf6 9. Bg3 c5 10. c3 Bf5 11. Bf3 Qd7 12. e4 Bg4 13. Bxg4 Qxg4 14. Qxg4 Nxg4 15.
h3 Nf6 16. d5 Nbd7 17. a4 b6 18. f3 Nh5 19. Bh2 Ne5 20. Ke2 Ng6 21. g3 O-O-O
22. Na3 a6 23. Ndc4 Kc7 24. Nc2 e6 25. N2e3 Rhe8 26. Rhd1 Rd7 1/2-1/2

[Event "G7-1 2014"]
[Site "Skorping"]
[Date "2014.04.18"]
[Round "4"]
[White "Jensen, Tobias Ilsoe"]
[Black "Olsen, Miriam Frida"]
[Result "1-0"]
[WhiteElo "1964"]
[BlackElo "1880"]
[PlyCount "85"]
[EventDate "2014.??.??"]

1. d4 Nf6 2. c4 e6 3. Nc3 Bb4 4. Qc2 d5 5. cxd5 exd5 6. Bg5 O-O 7. e3 c6 8. Bd3
h6 9. Bh4 Re8 10. Nf3 Nbd7 11. O-O Be7 12. Rab1 Ne4 13. Bxe7 Qxe7 14. Bxe4 dxe4
15. Nd2 Nf6 16. Rfc1 Bf5 17. b4 h5 18. Na4 Nd5 19. b5 Qg5 20. bxc6 Bh3 21. g3
Nxe3 22. Nxe4 Nxc2 23. Nxg5 Nxd4 24. cxb7 Rab8 25. Rc7 Ne2+ 26. Kh1 Bf5 27. Rb3
Red8 28. f3 h4 29. g4 h3 30. Nxh3 Be6 31. Re3 Bd5 32. Kg2 Nd4 33. Nc5 Ne6 34.
Rxe6 fxe6 35. Nf4 Bxb7 36. Nxb7 Rd2+ 37. Kg3 Re8 38. a4 e5 39. Nh5 e4 40. Nxg7
e3 41. Nxe8 Kf8 42. Ned6 e2 43. Kf2 1-0

[Event "G7-1 2014"]
[Site "Skorping"]
[Date "2014.04.18"]
[Round "4"]
[White "Jepsen, Thomas Tange"]
[Black "Bjerre, Jonas Buhl"]
[Result "1/2-1/2"]
[WhiteElo "2050"]
[BlackElo "1952"]
[PlyCount "42"]
[EventDate "2014.??.??"]

1. d4 d5 2. c4 dxc4 3. Nf3 Nf6 4. e3 e6 5. Bxc4 c5 6. O-O a6 7. a4 Nc6 8. Nc3
cxd4 9. exd4 Nd5 10. Nxd5 exd5 11. Be2 Be7 12. Ne5 O-O 13. Nxc6 bxc6 14. Qc2
Qb6 15. Be3 Rb8 16. Rab1 a5 17. Bd3 g6 18. Rfc1 Bd7 19. b3 Qa7 20. g3 Rb4 21.
Bd2 Rb7 1/2-1/2

[Event "G7-1 2014"]
[Site "Skorping"]
[Date "2014.04.18"]
[Round "4"]
[White "Johansen, Johnny Holler"]
[Black "Poulsen, Peter Risgaard"]
[Result "0-1"]
[WhiteElo "1909"]
[BlackElo "1881"]
[PlyCount "62"]
[EventDate "2014.??.??"]

1. e4 e6 2. d4 d5 3. Nd2 dxe4 4. Nxe4 Nf6 5. Nxf6+ gxf6 6. Nf3 b6 7. Bb5+ c6 8.
Bd3 Qc7 9. c4 Bb7 10. O-O Nd7 11. Re1 O-O-O 12. Qa4 Nc5 13. dxc5 Rxd3 14. cxb6
axb6 15. Be3 c5 16. Rad1 Rxd1 17. Rxd1 Bd6 18. Kh1 Rg8 19. Qc2 f5 20. h3 f6 21.
Ne1 f4 22. Bc1 f3 23. g4 f5 24. Qd3 Be5 25. g5 Be4 26. Qa3 Bd4 27. Nd3 e5 28.
b4 f4 29. bxc5 Qd7 30. Kh2 Rxg5 31. Ne1 Rh5 0-1

[Event "G7-1 2014"]
[Site "Skorping"]
[Date "2014.04.18"]
[Round "4"]
[White "Madsen, Svend Aage"]
[Black "Guindy, Esmat"]
[Result "0-1"]
[WhiteElo "2071"]
[BlackElo "1996"]
[PlyCount "82"]
[EventDate "2014.??.??"]

1. b3 d5 2. Bb2 Bf5 3. e3 Nd7 4. Nf3 e6 5. Be2 h6 6. O-O Ngf6 7. d3 Bd6 8. Nbd2
Qe7 9. Nd4 c6 10. Nxf5 exf5 11. c4 O-O 12. g3 Rfe8 13. Re1 Rad8 14. cxd5 Nxd5
15. a3 Be5 16. Qc2 Qf6 17. Bxe5 Nxe5 18. Nf3 Nc3 19. Nxe5 Nxe2+ 20. Rxe2 Qxe5
21. Rd1 Qa5 22. Qb2 Rd5 23. d4 c5 24. Red2 Red8 25. b4 cxb4 26. axb4 Qb6 27.
Rc1 Rb5 28. Qb1 Rxb4 29. Qxf5 Rb5 30. Qf4 Qd6 31. Rc8 Rd5 32. Rxd8+ Qxd8 33. e4
Rxd4 34. Rxd4 Qxd4 35. Qb8+ Kh7 36. Qxb7 a5 37. Qb5 Qc3 38. h4 Qe1+ 39. Kg2
Qxe4+ 40. Kh2 a4 41. h5 Qc2 0-1

[Event "G7-1 2014"]
[Site "Skorping"]
[Date "2014.04.18"]
[Round "4"]
[White "Molvig, Henrik"]
[Black "Sorensen, Torben Kyhl"]
[Result "1/2-1/2"]
[WhiteElo "2087"]
[BlackElo "2126"]
[PlyCount "55"]
[EventDate "2014.??.??"]

1. d4 Nf6 2. c4 g6 3. Nc3 d5 4. cxd5 Nxd5 5. e4 Nxc3 6. bxc3 Bg7 7. Bc4 c5 8.
Ne2 Nc6 9. Be3 O-O 10. O-O Na5 11. Bd3 b6 12. Qd2 e5 13. Bh6 cxd4 14. cxd4 Bxh6
15. Qxh6 Nc6 16. d5 Nb4 17. Bc4 Ba6 18. Bxa6 Nxa6 19. f4 Qf6 20. f5 Nc5 21. Ng3
Qg7 22. Qe3 f6 23. fxg6 hxg6 24. Rf3 Qh7 25. Raf1 Qh4 26. Qf2 Nd7 27. Rc3 Nc5
28. Rf3 1/2-1/2

[Event "G7-1 2014"]
[Site "Skorping"]
[Date "2014.04.18"]
[Round "4"]
[White "Oe, Oluf"]
[Black "Pedersen, Karsten Nymann"]
[Result "0-1"]
[WhiteElo "1933"]
[BlackElo "2053"]
[PlyCount "98"]
[EventDate "2014.??.??"]

1. e4 g6 2. d4 Bg7 3. Nf3 d6 4. c4 Nf6 5. Nc3 O-O 6. Bd3 e5 7. dxe5 dxe5 8. O-O
Bg4 9. Bg5 c6 10. h3 Bxf3 11. Qxf3 Nbd7 12. Rfd1 Qc7 13. Rd2 Nh5 14. Ne2 Nc5
15. Rad1 Ne6 16. Be3 Nhf4 17. Bxf4 exf4 18. b3 Bd4 19. Bc2 c5 20. b4 b6 21. Rd3
Qe5 22. bxc5 bxc5 23. Rb1 Rab8 24. Rdb3 Rxb3 25. Rxb3 Rb8 26. Rxb8+ Qxb8 27.
Qb3 Qxb3 28. axb3 g5 29. Kf1 h5 30. f3 Kg7 31. Ke1 Kf6 32. Kd2 Ke5 33. Bd1 Nd8
34. Kd3 Nc6 35. Kd2 Kd6 36. Bc2 Kc7 37. h4 Be3+ 38. Kc3 gxh4 39. Bd1 Kd6 40.
Kc2 Nb4+ 41. Kc3 Ke5 42. Bc2 Kf6 43. Bb1 Nc6 44. Kc2 Ne5 45. Nc3 Nxf3 46. Nd5+
Ke5 47. Nxe3 fxe3 48. Kd1 Nd4 49. Ke1 Nxb3 0-1

[Event "G7-1 2014"]
[Site "Skorping"]
[Date "2014.04.18"]
[Round "4"]
[White "Olsen, Filip Boe"]
[Black "Christensen, Hans Ulrich Falk"]
[Result "1-0"]
[WhiteElo "1901"]
[BlackElo "1959"]
[PlyCount "109"]
[EventDate "2014.??.??"]

1. d4 Nf6 2. Nf3 g6 3. Bf4 Bg7 4. e3 O-O 5. c3 d6 6. Nbd2 Nfd7 7. Be2 e5 8. Bg3
Nc6 9. O-O h6 10. h3 f5 11. dxe5 dxe5 12. Qc2 g5 13. Bh2 Qe7 14. Rad1 h5 15.
Qb3+ Kh8 16. Bc4 g4 17. hxg4 hxg4 18. Ne1 Qh4 19. Bg3 Qh5 20. f4 gxf3 21. Nexf3
f4 22. exf4 exf4 23. Bh2 Qc5+ 24. Rf2 Nde5 25. Qb5 Qe3 26. Re1 Nxc4 27. Qh5+
Kg8 28. Rxe3 fxe3 29. Qd5+ Kh8 30. Re2 Nxd2 31. Nxd2 exd2 32. Re4 Bf5 33. Rh4+
Bh7 34. Qd3 d1=Q+ 35. Qxd1 Rf7 36. Qh5 Bf6 37. Qxf7 Bxh4 38. b4 Rd8 39. Bxc7
Rd1+ 40. Kh2 Re1 41. Qf8+ Bg8 42. Qh6+ Bh7 43. Qxh4 Re7 44. Qf6+ Kg8 45. Bd6
Rf7 46. Qe6 a6 47. a4 Bf5 48. Qe8+ Kg7 49. b5 axb5 50. axb5 Bd7 51. Qe3 Na5 52.
Qg5+ Kh7 53. Be5 Bf5 54. Qh5+ Kg8 55. Qh8# 1-0

[Event "G7-1 2014"]
[Site "Skorping"]
[Date "2014.04.18"]
[Round "4"]
[White "Pedersen, Niels"]
[Black "Andersen, Rune Egede"]
[Result "0-1"]
[WhiteElo "1891"]
[BlackElo "2101"]
[PlyCount "80"]
[EventDate "2014.??.??"]

1. e4 e6 2. d4 d5 3. Nc3 Nf6 4. e5 Nfd7 5. f4 c5 6. Be3 Nc6 7. Nf3 Qb6 8. Qd2
Qxb2 9. Rb1 Qa3 10. Bb5 a6 11. Bxc6 bxc6 12. O-O Be7 13. dxc5 Bxc5 14. Bd4 O-O
15. Rb3 Qa5 16. Qe3 Be7 17. Qd2 Qc7 18. Ne2 Nc5 19. Rbb1 Ne4 20. Qe3 c5 21. Ba1
h6 22. c4 Rd8 23. cxd5 exd5 24. h3 a5 25. Nd2 Bf5 26. Rbd1 Rab8 27. Nxe4 Bxe4
28. Ng3 Bc2 29. Rd2 d4 30. Qe2 Ba4 31. f5 Bg5 32. Rb2 Be3+ 33. Kh1 Qxe5 34. Qg4
Rxb2 35. Bxb2 Bb5 36. f6 Qg5 37. Qxg5 Bxg5 38. Rf5 d3 39. Ne4 d2 40. Nxd2 Rxd2
0-1

[Event "G7-1 2014"]
[Site "Skorping"]
[Date "2014.04.18"]
[Round "4"]
[White "Rossen, Claus"]
[Black "Jensen, Morten Frank"]
[Result "1-0"]
[WhiteElo "2109"]
[BlackElo "1911"]
[PlyCount "131"]
[EventDate "2014.??.??"]

1. e4 g6 2. d4 Bg7 3. Nc3 c5 4. Be3 cxd4 5. Bxd4 Nf6 6. Bc4 Nc6 7. Be3 Qa5 8.
f3 a6 9. Qd2 O-O 10. Bh6 b5 11. Bxg7 Kxg7 12. Bb3 d6 13. O-O-O Be6 14. Nd5
Qxd2+ 15. Rxd2 Ra7 16. g4 Na5 17. Ne2 Nxb3+ 18. axb3 Rc8 19. h4 Bxd5 20. exd5
Rc5 21. Nf4 a5 22. g5 Nh5 23. Nxh5+ gxh5 24. Rd4 a4 25. b4 Rc4 26. Rxc4 bxc4
27. Kd2 e6 28. Kc3 exd5 29. Rd1 a3 30. bxa3 Rxa3+ 31. Kb2 Rxf3 32. Rxd5 f6 33.
b5 fxg5 34. Rxg5+ Kf6 35. b6 Re3 36. Rd5 Re7 37. Rxd6+ Ke5 38. Rc6 Kd4 39. Ka3
Kd5 40. Rc7 Re1 41. Kb2 Re6 42. Rd7+ Kc5 43. b7 Rb6+ 44. Kc3 h6 45. Rh7 Rb1 46.
Rxh6 Rxb7 47. Rxh5+ Kc6 48. Kxc4 Rb2 49. Rc5+ Kd6 50. Rd5+ Kc6 51. Rd2 Ra2 52.
Rh2 Ra4+ 53. Kb3 Rf4 54. h5 Rf7 55. h6 Rh7 56. Kc4 Kc7 57. Kc5 Kc8 58. c4 Kc7
59. Kd5 Kd7 60. c5 Kc7 61. c6 Kc8 62. Kd6 Kd8 63. Rh1 Rd7+ 64. Kc5 Rh7 65. Kb6
Kc8 66. Rg1 1-0

[Event "G7-1 2014"]
[Site "Skorping"]
[Date "2014.04.19"]
[Round "5"]
[White "Guindy, Esmat"]
[Black "Sorensen, Torben Kyhl"]
[Result "0-1"]
[WhiteElo "1996"]
[BlackElo "2126"]
[PlyCount "32"]
[EventDate "2014.??.??"]

1. Nf3 Nf6 2. c4 g6 3. g3 Bg7 4. Bg2 O-O 5. O-O c6 6. Nc3 d5 7. cxd5 Nxd5 8.
Nxd5 Qxd5 9. d3 Nd7 10. Nd2 Qb5 11. Rb1 Nc5 12. Qc2 Bf5 13. Nc4 Ne6 14. a4 Qa6
15. Ne3 Nd4 16. Qd1 Nxe2+ 0-1